| 000 | 01772nam a22004577a 4500 | ||
|---|---|---|---|
| 001 | 000050022 | ||
| 003 | CHAP | ||
| 005 | 20220817042603.0 | ||
| 008 | 971013s1984 mx a r 00010 spa d | ||
| 010 | _a48959 | ||
| 011 | _a49931 | ||
| 035 | _a54081 | ||
| 040 | _cCHAP | ||
| 082 | 0 | 4 |
_a595.42 _bV4 |
| 100 | 0 | 0 |
_aVera Graziano, Jorge. _9118775 |
| 245 | 1 | 0 | _aAcaros fitófagos de los principales cultivos de México, biología y combate. |
| 260 |
_aChapingo, Méx. : _bUACH, _c[1984]. |
||
| 300 |
_a329 p. : _bilus. |
||
| 590 |
_aBATCH-UPD _b10 _c20130110 _lUCH01 _h0239 |
||
| 590 |
_aBATCH-UPD _b10 _c20130110 _lUCH01 _h1458 |
||
| 590 |
_aBATCH-UPD _b10 _c20130409 _lUCH01 _h2306 |
||
| 590 |
_aBATCH-UPD _b10 _c20130410 _lUCH01 _h1319 |
||
| 590 |
_aBATCH-UPD _b10 _c20130914 _lUCH01 _h1041 |
||
| 590 |
_aCONVERSION _b10 _c20130109 _lUCH01 _h1327 |
||
| 590 |
_aE5995AHE _b05 _c20150225 _lUCH01 _h0926 |
||
| 650 | 1 | 4 | _aÁcaros. |
| 650 | 1 | 4 |
_aControl de plagas. _927595 |
| 650 | 1 | 4 |
_aCultivos _xPlagas. _930305 |
| 700 | 0 |
_aLagunes Tejeda, Angel. _964465 |
|
| 700 | 0 |
_aPrado Beltrán, Enrique. _991260 |
|
| 901 | _aBK | ||
| 942 | _cLIBRO | ||
| 942 | _n0 | ||
| 949 |
_a595.42 V4 _bBC _cLIBRO _d-119535 _eLIBRO _fc.3 _h62152 _i54081 _mD _si _t680.00 |
||
| 949 |
_a595.42 V4 _bBC _cLIBRO _d33724000371449 _eLIBRO _fc.7 _h79141 _i54081 _mD _si _t680.00 |
||
| 949 |
_a595.42 V4 _bBC _cLIBRO _d33724000371464 _eLIBRO _fc.5 _h62154 _i54081 _mD _si _t680.00 |
||
| 949 |
_a595.42 V4 _bBC _cLIBRO _d33724000371480 _eLIBRO _fc.4 _h62153 _i54081 _mD _si _t680.00 |
||
| 949 |
_a595.42 V4 _bBC _cLIBRO _d33724000371498 _eLIBRO _fc.2 _h62151 _i54081 _mD _si _t680.00 |
||
| 949 |
_a595.42 V4 _bBC _cLIBRO _d33724000829073 _eLIBRO _fc.6 _h79140 _i54081 _si _t680.00 |
||
| 949 |
_a595.42 V4 _bBC _cUACH _d-119533 _eUACH _h61728 _i54081 _mD _si _t680.00 |
||
| 999 |
_c48959 _d48959 |
||